|
|
|
|
| LEADER |
00000nam0a2200000 4500 |
| 001 |
309159 |
| 005 |
20231102002149.0 |
| 020 |
|
|
|a RU
|b 81-80806
|
| 035 |
|
|
|a (RuTPU)RU\TPU\book\334481
|
| 090 |
|
|
|a 309159
|
| 100 |
|
|
|a 20151110d1981 m y0rusy5003 ca
|
| 101 |
0 |
|
|a rus
|
| 102 |
|
|
|a RU
|
| 105 |
|
|
|a a j 001zy
|
| 200 |
1 |
|
|a Технология связанного азота
|e учебник
|f С. В. Иваненко, Е. Я. Мельников, А. И. Сидоров
|
| 210 |
|
|
|a Москва
|c Высшая школа
|d 1981
|
| 215 |
|
|
|a 304 с.
|c ил.
|
| 225 |
1 |
|
|a Профтехобразование
|
| 320 |
|
|
|a Библиогр.: с. 300
|
| 606 |
1 |
|
|a Азот
|x Соединения
|x Производство
|x Техника безопасности
|2 stltpush
|3 (RuTPU)RU\TPU\subj\32165
|9 54803
|
| 610 |
1 |
|
|a азотная промышленность
|
| 610 |
1 |
|
|a сырье
|
| 610 |
1 |
|
|a синтетический аммиак
|
| 610 |
1 |
|
|a коксовый газ
|
| 610 |
1 |
|
|a разделение
|
| 610 |
1 |
|
|a охлаждение
|
| 610 |
1 |
|
|a водород
|
| 610 |
1 |
|
|a получение
|
| 610 |
1 |
|
|a электрохимические методы
|
| 610 |
1 |
|
|a конвертированный газ
|
| 610 |
1 |
|
|a очистка
|
| 610 |
1 |
|
|a синтез
|
| 610 |
1 |
|
|a сжатие
|
| 610 |
1 |
|
|a учебники
|
| 675 |
|
|
|a 661.5(075.32)
|v 4
|
| 700 |
|
1 |
|a Иваненко
|b С. В.
|g Станислав Васильевич
|
| 701 |
|
1 |
|a Мельников
|b Е. Я.
|g Евгений Яковлевич
|
| 701 |
|
1 |
|a Сидоров
|b А. И.
|g Анатолий Иванович
|
| 801 |
|
0 |
|a RU
|b RuMRKP
|c 19950704
|g psbo
|
| 801 |
|
1 |
|a RU
|b 63413507
|c 20151110
|
| 801 |
|
2 |
|a RU
|b 63413507
|c 20171017
|g RCR
|
| 942 |
|
|
|c BK
|